000 00357nam a2200145Ia 4500
008 191201s2008 xx 000 0 und d
082 _a658.15
_bBHR
100 _aBHATTACHARYYA,KM
245 0 _aRisk Management in Indian Banks
250 _a2nd
260 _aN.Delhi
_bHimalaya Publication House
_c2008
300 _a327
650 _aMBA
942 _2ddc
_cBK
999 _c4332
_d4332